000 01244cam a22002054a 4500
003 OSt
008 250108b |||||||| |||| 00| 0 eng d
020 _a9780470505113 (hardback)
082 0 0 _a621.38275
_bAGR/FI
100 1 _aAgrawal, G. P.
_96853
245 1 0 _aFiber-optic communication systems /
250 _a3rd ed.
260 _aNew Delhi :
_bWiley India
_c2010.
300 _axvii, 603 p. :
_bill. ;
_e1 CD-ROM (4 3/4 in.)
490 0 _aWiley series in microwave and optical engineering ;
520 _a"This book provides a comprehensive account of fiber-optic communication systems. The 3rd edition of this book is used worldwide as a textbook in many universities. This 4th edition incorporates recent advances that have occurred, in particular two new chapters. One deals with the advanced modulation formats (such as DPSK, QPSK, and QAM) that are increasingly being used for improving spectral efficiency of WDM lightwave systems. The second chapter focuses on new techniques such as all-optical regeneration that are under development and likely to be used in future communication systems. All other chapters are updated, as well."--
650 0 _aOptical communications.
_96854
650 0 _aFiber optics.
_96855
942 _cBK
999 _c13958
_d13958